<?xml version="1.0" encoding="UTF-8"?>
<record
    xmlns:xsi="http://www.w3.org/2001/XMLSchema-instance"
    xsi:schemaLocation="http://www.loc.gov/MARC21/slim http://www.loc.gov/standards/marcxml/schema/MARC21slim.xsd"
    xmlns="http://www.loc.gov/MARC21/slim">

  <leader>00548nam a2200205   4500</leader>
  <controlfield tag="003">SEACOMEC</controlfield>
  <controlfield tag="005">20240401125508.0</controlfield>
  <controlfield tag="008">231004b        |||||||| |||| 00| 0 eng d</controlfield>
  <datafield tag="020" ind1=" " ind2=" ">
    <subfield code="c">Rs. 295.00</subfield>
  </datafield>
  <datafield tag="040" ind1=" " ind2=" ">
    <subfield code="a">SEACOMEC</subfield>
  </datafield>
  <datafield tag="082" ind1=" " ind2=" ">
    <subfield code="a">621.8</subfield>
    <subfield code="b">G427</subfield>
  </datafield>
  <datafield tag="100" ind1="1" ind2=" ">
    <subfield code="a">Ghosh, Amitabha</subfield>
  </datafield>
  <datafield tag="245" ind1="1" ind2=" ">
    <subfield code="a">Theory of Mechanisms and Machines</subfield>
    <subfield code="c"> Amitabha Ghosh and Asok Kumar Malik</subfield>
  </datafield>
  <datafield tag="250" ind1=" " ind2=" ">
    <subfield code="a">3rd Ed</subfield>
  </datafield>
  <datafield tag="260" ind1=" " ind2=" ">
    <subfield code="a">New Delhi</subfield>
    <subfield code="b">East-west Press</subfield>
    <subfield code="c">2005</subfield>
  </datafield>
  <datafield tag="650" ind1=" " ind2=" ">
    <subfield code="a">Applied Physics</subfield>
  </datafield>
  <datafield tag="650" ind1=" " ind2=" ">
    <subfield code="a">Machine Engineering</subfield>
  </datafield>
  <datafield tag="700" ind1="1" ind2=" ">
    <subfield code="a">Mallik, Asok Kumar</subfield>
  </datafield>
  <datafield tag="942" ind1=" " ind2=" ">
    <subfield code="c">BOOK</subfield>
  </datafield>
  <datafield tag="952" ind1=" " ind2=" ">
    <subfield code="0">0</subfield>
    <subfield code="1">0</subfield>
    <subfield code="2">ddc</subfield>
    <subfield code="4">0</subfield>
    <subfield code="7">0</subfield>
    <subfield code="a">SEACOMEC</subfield>
    <subfield code="b">SEACOMEC</subfield>
    <subfield code="d">2024-04-01</subfield>
    <subfield code="l">0</subfield>
    <subfield code="o">621.8 G427</subfield>
    <subfield code="p">4491</subfield>
    <subfield code="r">2024-04-01 12:55:36</subfield>
    <subfield code="w">2024-04-01</subfield>
    <subfield code="y">BOOK</subfield>
  </datafield>
  <datafield tag="952" ind1=" " ind2=" ">
    <subfield code="0">0</subfield>
    <subfield code="1">0</subfield>
    <subfield code="2">ddc</subfield>
    <subfield code="4">0</subfield>
    <subfield code="7">0</subfield>
    <subfield code="a">SEACOMEC</subfield>
    <subfield code="b">SEACOMEC</subfield>
    <subfield code="d">2024-04-01</subfield>
    <subfield code="l">0</subfield>
    <subfield code="o">621.8 G427</subfield>
    <subfield code="p">4492</subfield>
    <subfield code="r">2024-04-01 12:55:56</subfield>
    <subfield code="t">1</subfield>
    <subfield code="w">2024-04-01</subfield>
    <subfield code="y">BOOK</subfield>
  </datafield>
  <datafield tag="952" ind1=" " ind2=" ">
    <subfield code="0">0</subfield>
    <subfield code="1">0</subfield>
    <subfield code="2">ddc</subfield>
    <subfield code="4">0</subfield>
    <subfield code="7">0</subfield>
    <subfield code="a">SEACOMEC</subfield>
    <subfield code="b">SEACOMEC</subfield>
    <subfield code="d">2024-04-01</subfield>
    <subfield code="l">0</subfield>
    <subfield code="o">621.8 G427</subfield>
    <subfield code="p">4493</subfield>
    <subfield code="r">2024-04-01 12:55:56</subfield>
    <subfield code="t">2</subfield>
    <subfield code="w">2024-04-01</subfield>
    <subfield code="y">BOOK</subfield>
  </datafield>
  <datafield tag="952" ind1=" " ind2=" ">
    <subfield code="0">0</subfield>
    <subfield code="1">0</subfield>
    <subfield code="2">ddc</subfield>
    <subfield code="4">0</subfield>
    <subfield code="7">0</subfield>
    <subfield code="a">SEACOMEC</subfield>
    <subfield code="b">SEACOMEC</subfield>
    <subfield code="d">2024-04-01</subfield>
    <subfield code="l">0</subfield>
    <subfield code="o">621.8 G427</subfield>
    <subfield code="p">4494</subfield>
    <subfield code="r">2024-04-01 12:55:56</subfield>
    <subfield code="t">3</subfield>
    <subfield code="w">2024-04-01</subfield>
    <subfield code="y">BOOK</subfield>
  </datafield>
  <datafield tag="952" ind1=" " ind2=" ">
    <subfield code="0">0</subfield>
    <subfield code="1">0</subfield>
    <subfield code="2">ddc</subfield>
    <subfield code="4">0</subfield>
    <subfield code="7">0</subfield>
    <subfield code="a">SEACOMEC</subfield>
    <subfield code="b">SEACOMEC</subfield>
    <subfield code="d">2024-04-01</subfield>
    <subfield code="l">0</subfield>
    <subfield code="o">621.8 G427</subfield>
    <subfield code="p">4495</subfield>
    <subfield code="r">2024-04-01 12:55:56</subfield>
    <subfield code="t">4</subfield>
    <subfield code="w">2024-04-01</subfield>
    <subfield code="y">BOOK</subfield>
  </datafield>
  <datafield tag="952" ind1=" " ind2=" ">
    <subfield code="0">0</subfield>
    <subfield code="1">0</subfield>
    <subfield code="2">ddc</subfield>
    <subfield code="4">0</subfield>
    <subfield code="7">0</subfield>
    <subfield code="a">SEACOMEC</subfield>
    <subfield code="b">SEACOMEC</subfield>
    <subfield code="d">2024-04-01</subfield>
    <subfield code="l">0</subfield>
    <subfield code="o">621.8 G427</subfield>
    <subfield code="p">4496</subfield>
    <subfield code="r">2024-04-01 12:55:56</subfield>
    <subfield code="t">5</subfield>
    <subfield code="w">2024-04-01</subfield>
    <subfield code="y">BOOK</subfield>
  </datafield>
  <datafield tag="952" ind1=" " ind2=" ">
    <subfield code="0">0</subfield>
    <subfield code="1">0</subfield>
    <subfield code="2">ddc</subfield>
    <subfield code="4">0</subfield>
    <subfield code="7">0</subfield>
    <subfield code="a">SEACOMEC</subfield>
    <subfield code="b">SEACOMEC</subfield>
    <subfield code="d">2024-04-01</subfield>
    <subfield code="l">0</subfield>
    <subfield code="o">621.8 G427</subfield>
    <subfield code="p">4497</subfield>
    <subfield code="r">2024-04-01 12:55:56</subfield>
    <subfield code="t">6</subfield>
    <subfield code="w">2024-04-01</subfield>
    <subfield code="y">BOOK</subfield>
  </datafield>
  <datafield tag="952" ind1=" " ind2=" ">
    <subfield code="0">0</subfield>
    <subfield code="1">0</subfield>
    <subfield code="2">ddc</subfield>
    <subfield code="4">0</subfield>
    <subfield code="7">0</subfield>
    <subfield code="a">SEACOMEC</subfield>
    <subfield code="b">SEACOMEC</subfield>
    <subfield code="d">2024-04-01</subfield>
    <subfield code="l">0</subfield>
    <subfield code="o">621.8 G427</subfield>
    <subfield code="p">4498</subfield>
    <subfield code="r">2024-04-01 12:55:56</subfield>
    <subfield code="t">7</subfield>
    <subfield code="w">2024-04-01</subfield>
    <subfield code="y">BOOK</subfield>
  </datafield>
  <datafield tag="952" ind1=" " ind2=" ">
    <subfield code="0">0</subfield>
    <subfield code="1">0</subfield>
    <subfield code="2">ddc</subfield>
    <subfield code="4">0</subfield>
    <subfield code="7">0</subfield>
    <subfield code="a">SEACOMEC</subfield>
    <subfield code="b">SEACOMEC</subfield>
    <subfield code="d">2024-04-01</subfield>
    <subfield code="l">0</subfield>
    <subfield code="o">621.8 G427</subfield>
    <subfield code="p">4499</subfield>
    <subfield code="r">2024-04-01 12:55:56</subfield>
    <subfield code="t">8</subfield>
    <subfield code="w">2024-04-01</subfield>
    <subfield code="y">BOOK</subfield>
  </datafield>
  <datafield tag="952" ind1=" " ind2=" ">
    <subfield code="0">0</subfield>
    <subfield code="1">0</subfield>
    <subfield code="2">ddc</subfield>
    <subfield code="4">0</subfield>
    <subfield code="7">0</subfield>
    <subfield code="a">SEACOMEC</subfield>
    <subfield code="b">SEACOMEC</subfield>
    <subfield code="d">2024-04-01</subfield>
    <subfield code="l">0</subfield>
    <subfield code="o">621.8 G427</subfield>
    <subfield code="p">4500</subfield>
    <subfield code="r">2024-04-01 12:55:56</subfield>
    <subfield code="t">9</subfield>
    <subfield code="w">2024-04-01</subfield>
    <subfield code="y">BOOK</subfield>
  </datafield>
  <datafield tag="999" ind1=" " ind2=" ">
    <subfield code="c">61</subfield>
    <subfield code="d">61</subfield>
  </datafield>
</record>
